000
00297nam a22001217a 4500
008
180226b xxu||||| |||| 00| 0 eng d
041
_a
eng
080
_a
316
100
_a
49
101
_a
SOC
245
_a
SOCIAL SYSTEMS AND THE EVOLUTION OF ACTION THEORY
_c
TALCOT.P
942
_2
udc
_c
BK
999
_c
43481
_d
43481